00528nam a2200193Ia 4500008004100000020001500041082001500056100001600071245001900087250000800106260002800114300000800142500002400150650001600174700001600190942000700206952010400213999001700317230524s9999 xx 000 0 und d a8173193924 a150.3bSAH aVivek Sahai 0aLinear Algebra a1ST aNEW DELHIbNarosac2002 a191 aQuantity Number: 1 aMathematics a Vikas Bist cBK 00104070aTATCLbTATCLcGENd2023-05-24l0o150.3 SAHp6319r2023-05-24w2023-05-24yBKzBCSE3101 c15547d15547